Statistics for Random Football Trivia #1

Click here to take the quiz!

General Stats

  • This quiz has been taken 56 times
  • The average score is 6 of 10

Answer Stats

QuestionAnswer% Correct
Which country has won the most World Cups?Brazil
98%
Which country won the first World Cup?Uruguay
94%
In which World Cup did Diego Maradona score his infamous 'Hand of God' goal?Mexico 1986
88%
Which team won the first premier league title?Manchester United
86%
Which country has appeared in three World Cup finals, but never won the competition?Netherlands
75%
Which MLS franchise does David Beckham own?Inter Miami
67%
Who holds the record for the most goals scored in one World Cup?Miroslav Klose
65%
When were the first Euros held?1960
25%
After Juventus, AC Milan and Inter, with nine, which team has won the most Serie A titles?Genoa
16%
Manchester United famously wear red, but what colours did they wear before adopting red?Green and gold
8%

Score Distribution

Percentile by Number Answered

Percent of People with Each Score

Your Score History

You have not taken this quiz